Single variable calculus / (Record no. 1316)
[ view plain ]
| 000 -LEADER | |
|---|---|
| fixed length control field | 01114cam a22003255a 4500 |
| 005 - DATE AND TIME OF LATEST TRANSACTION | |
| control field | 20240818092725.0 |
| 006 - FIXED-LENGTH DATA ELEMENTS--ADDITIONAL MATERIAL CHARACTERISTICS--GENERAL INFORMATION | |
| fixed length control field | m||||fq||z| 00| 0 |
| 008 - FIXED-LENGTH DATA ELEMENTS--GENERAL INFORMATION | |
| fixed length control field | 180918s2002 njua frb 001 0 eng d |
| 020 ## - INTERNATIONAL STANDARD BOOK NUMBER | |
| International Standard Book Number | 0130415502 |
| 020 ## - INTERNATIONAL STANDARD BOOK NUMBER | |
| International Standard Book Number | 0130934828 (CD-ROM) |
| 040 ## - CATALOGING SOURCE | |
| Original cataloging agency | EG-ScBUE |
| Language of cataloging | eng |
| Transcribing agency | EG-ScBUE |
| Modifying agency | EG-ScBUE |
| 082 04 - DEWEY DECIMAL CLASSIFICATION NUMBER | |
| Classification number | 515 |
| Item number | STR |
| Edition number | 22 |
| 100 1# - MAIN ENTRY--PERSONAL NAME | |
| Personal name | Strauss, Monty J. |
| 245 10 - TITLE STATEMENT | |
| Title | Single variable calculus / |
| Statement of responsibility, etc | Monty J. Strauss, Gerald L. Bradley, Karl J. Smith. |
| 246 30 - VARYING FORM OF TITLE | |
| Title proper/short title | Calculus |
| 250 ## - EDITION STATEMENT | |
| Edition statement | 3rd ed. |
| 260 ## - | |
| -- | Upper Saddle River, N.J. : |
| -- | Prentice Hall, |
| -- | c.2002. |
| 300 ## - PHYSICAL DESCRIPTION | |
| Extent | xxviii, 692, 80 p. : |
| Other physical details | ill. ; |
| Dimensions | 28 cm. + |
| Accompanying material | 1 CD-ROM (4 3/4 in.) |
| 336 ## - CONTENT TYPE | |
| Source | rdacontent |
| Content type term | text |
| Content type code | txt |
| 337 ## - MEDIA TYPE | |
| Media type term | unmediated |
| Source | rdamedia |
| Media type code | n |
| 338 ## - CARRIER TYPE | |
| Carrier type term | volume |
| Carrier type code | nc |
| Source | rdacarrier |
| 500 ## - GENERAL NOTE | |
| General note | Rev. ed. of: Single variable calculus / Gerald L. Bradley. 2nd ed. c1999. |
| 500 ## - GENERAL NOTE | |
| General note | Includes bibliographical references and index. |
| 650 #7 - SUBJECT ADDED ENTRY--TOPICAL TERM | |
| Topical term or geographic name as entry element | Calculus. |
| Source of heading or term | BUEsh |
| 651 ## - SUBJECT ADDED ENTRY--GEOGRAPHIC NAME | |
| Source of heading or term | BUEsh |
| 653 ## - INDEX TERM--UNCONTROLLED | |
| Resource For college | Engineering, General |
| Arrived date list | September2018 |
| 700 1# - ADDED ENTRY--PERSONAL NAME | |
| Personal name | Bradley, Gerald L., |
| Dates associated with a name | 1940- |
| 9 (RLIN) | 34673 |
| 700 1# - ADDED ENTRY--PERSONAL NAME | |
| Personal name | Smith, Karl J. |
| 942 ## - ADDED ENTRY ELEMENTS (KOHA) | |
| Classification part | RDA-MOD |
| Withdrawn status | Lost status | Source of classification or shelving scheme | Damaged status | Not for loan | Collection code | Home library | Current library | Shelving location | Date acquired | Source of acquisition | Cost, normal purchase price | Total Checkouts | Full call number | Barcode | Date last seen | Date checked out | Cost, replacement price | Koha item type | Price effective from |
|---|---|---|---|---|---|---|---|---|---|---|---|---|---|---|---|---|---|---|---|
| Dewey Decimal Classification | Baccah | Central Library | Central Library | First floor | 03/09/2006 | Purchase | 229.50 | 1 | 515 STR | 000003153 | 15/07/2025 | 20/10/2016 | 286.88 | Book - Borrowing | |||||
| Dewey Decimal Classification | Baccah | Central Library | Central Library | First floor | 18/09/2018 | Purchase | 515 STR | 000043539 | 24/08/2022 | CD | DVD - With book | 18/09/2018 |